Dubai commercial directory 1999.
| Format: | Book |
|---|---|
| Published: |
Dubai:
Dubai Chamber of Commerce & Industry,
1999.
|
| Subjects: |
| LEADER | 00444cam a2200133 7i4500 | ||
|---|---|---|---|
| 001 | 0000007450 | ||
| 005 | 20000309090000.0 | ||
| 090 | 0 | 0 | |a UAE 338.7025 |b DUB |
| 245 | 0 | 0 | |a Dubai commercial directory 1999. |
| 260 | 0 | 0 | |a Dubai: |b Dubai Chamber of Commerce & Industry, |c 1999. |
| 300 | # | # | |a 1138 p. |
| 650 | 0 | 0 | |a Business -- |x Directories -- |z United Arab Emirates |
| 651 | 0 | 0 | |a United Arab Emirates |
| 999 | |a 0000011219 |b Directories |c Countries |e Business Information Centre | ||